<?xml version="1.0" encoding="UTF-8"?>
<marc:record xmlns:marc="http://www.loc.gov/MARC21/slim">
   <marc:leader>00000nam a2200000 a 4500</marc:leader>
   <marc:datafield ind1="1" ind2=" " tag="100">
      <marc:subfield code="a">Löcker, Dorothea</marc:subfield>
      <marc:subfield code="4">edt</marc:subfield>
      <marc:subfield code="e">Bearbeiter/-in</marc:subfield>
   </marc:datafield>
   <marc:datafield ind1=" " ind2=" " tag="653">
      <marc:subfield code="a">Landeskunde</marc:subfield>
   </marc:datafield>
   <marc:datafield ind1=" " ind2=" " tag="653">
      <marc:subfield code="a">Reiseerzählungen/Europa</marc:subfield>
   </marc:datafield>
   <marc:datafield ind1=" " ind2=" " tag="653">
      <marc:subfield code="a">Aufsatzsammlung</marc:subfield>
   </marc:datafield>
   <marc:datafield ind1=" " ind2=" " tag="653">
      <marc:subfield code="a">Reportagensammlung</marc:subfield>
   </marc:datafield>
   <marc:datafield ind1="0" ind2="0" tag="245">
      <marc:subfield code="a">Trolle, Schnee und Saunakult - Skandinavische Lebensarten</marc:subfield>
   </marc:datafield>
   <marc:datafield ind1="0" ind2="0" tag="245">
      <marc:subfield code="b">skandinavische Lebensarten ; Sonderband 100 Bände Picus Lesereisen</marc:subfield>
   </marc:datafield>
   <marc:datafield ind1="0" ind2="0" tag="245">
      <marc:subfield code="c">Dorothea Löcker ; Alexander Potyka (Hg.)</marc:subfield>
   </marc:datafield>
   <marc:datafield ind1=" " ind2="1" tag="264">
      <marc:subfield code="a">Wien</marc:subfield>
      <marc:subfield code="b">Picus-Verl.</marc:subfield>
      <marc:subfield code="c">2007</marc:subfield>
   </marc:datafield>
   <marc:datafield ind1="1" ind2=" " tag="490">
      <marc:subfield code="a">Picus Lesereisen</marc:subfield>
   </marc:datafield>
   <marc:datafield ind1="1" ind2=" " tag="520">
      <marc:subfield code="a">Angaben aus der Verlagsmeldung

Trolle, Schnee und Saunakult. Skandinavische Lebensarten

Wenn bereits zwei Menschen am selben Seeufer Einheimische von Überbevölkerung sprechen lassen, wenn in der gesunden Sauna Würstchen am heißen Stein vor sich hin brutzeln und das eine oder andere kühle Bier dazu getrunken wird, und wenn erwachsene Männer mit Hingabe debattieren können, wo genau nun der Weihnachtsmann herkommt, dann ist es unübersehbar: Die Skandinavier haben ihre eigenen Sitten.
Dieser Sonderband stellt eine Auswahl von Texten aus den erfolgreichen Bänden der Reihe Picus Lesereisen zu den Lebensgewohnheiten, Traditionen und Naturschönheiten Dänemarks, Finnlands, Norwegens und Schwedens dar. Sie entführen nicht nur in einsame Hütten oder zu Abenteuern unter freiem Himmel, sondern auch mitten hinein in den Trubel von mitternächtlichen Shoppingtouren und zu einem mittelalterlichen Wikingermarkt. Dabei lernt man die wundersamen Besonderheiten der Finnen kennen, erfährt, warum in Schweden alle »duktig« sind, staunt über die Fortschrittlichkeit der norwegischen Königsfamilie und ergründet das Geheimnis, warum das dänische Hotdog einfach am besten schmeckt.
Mit Beiträgen von: Nina Freydag, Rasso Knoller, Franz Lerchenmüller, Barbara Schaefer und Helge Sobik.

Zur Feier der 100. Lesereise: ein einmaliger Sonderband über Europas hohen Norden
</marc:subfield>
   </marc:datafield>
   <marc:datafield ind1=" " ind2=" " tag="020">
      <marc:subfield code="a">9783854529309</marc:subfield>
      <marc:subfield code="9">9783854529309</marc:subfield>
   </marc:datafield>
   <marc:datafield ind1=" " ind2=" " tag="020">
      <marc:subfield code="a">3854529309</marc:subfield>
      <marc:subfield code="9">3854529309</marc:subfield>
   </marc:datafield>
   <marc:datafield ind1=" " ind2=" " tag="300">
      <marc:subfield code="a">132 S.</marc:subfield>
   </marc:datafield>
</marc:record>
